000 01012nam a22002897a 4500
005 20121127123943.0
008 121127t xxu||||| |||| 00| 0 eng d
010 _aENG-106317
020 _a9781259028526
_c599.00
020 _a1259028526
_c599.00
035 _aEN-89850
037 _bDBAD / PUB
040 _aDPL
_bEng
082 _a658.1511
100 _aGarrison, Ray H.
_953881
245 _aManagerial accounting /
_cby Ray H. Garrison, Eric W. Noreen [and] Peter C. Brewer
250 _a13th ed
260 _aNew Delhi
_bTata McGraw-Hill
_c2010
270 _a7 West Patel Nagar
_bNew Delhi
_e110008
300 _axxvii,804p. :
_c26cm(pbk)
_bill.
500 _aIncludes index
650 _aManagerial accounting.
_953882
700 _aNoreen, Eric W.
_953883
700 _aBrewer, Peter C.
_953884
942 _2ddc
_cEN
_h658.1511
_mGAR
999 _c71676
_d71676